Team Logo - Ohio Valley Conference - Statistics

General Stats
  • This quiz has been taken 21 times
  • The average score is 9 of 11
Answer Stats
Picture Answer % Correct
Tennessee State Tigers
100%
Tennessee Tech Golden Eagles
93%
SIU Edwardsville Cougars
87%
Eastern Illinois Panthers
80%
Morehead State Eagles
80%
Southeast Missouri State Redhawks
80%
Southern Indiana Screaming Eagles
73%
Western Illinois Leathernecks
73%
Lindenwood Lions
67%
Little Rock Trojans
67%
UT Martin Skyhawks
67%
No matching quizzes found
Score Distribution
Percent of People with Each Score
Percentile by Number Answered
Your Score History
You have not taken this quiz